| 000 | 01003cam a22002655i 4500 | ||
|---|---|---|---|
| 999 |
_c3679 _d3679 |
||
| 003 | EG-ScBUE | ||
| 005 | 20210207120515.0 | ||
| 008 | 081012s1989 ua g 000 jf ara d | ||
| 017 | _a89 / 2643 | ||
| 020 | _a9771104845 | ||
| 040 |
_aEG-ScBUE _bara _erda _cEG-ScBUE _dEG-ScBUE |
||
| 082 | 0 | 4 |
_a892.736 _bم ح ف _222 |
| 100 | 1 |
_aمحفوظ، نجيب، _d1911-2006، _eمؤلف. |
|
| 245 | 1 | 0 |
_aرحلة ابن فطومة / _cتأليف نجيب محفوظ، الحائز على جائزة الدولة التقديرية وجائزة نوبل العالمية للآداب لعام 1988. |
| 264 | 1 |
_aالقاهرة : _bمكتبة مصر، _c1989. |
|
| 300 |
_a158 صفحة ؛ _c20 سم. |
||
| 336 |
_aنص _btxt _2rdacontent |
||
| 337 |
_aبدون وسيط _bn _2rdamedia |
||
| 338 |
_aمجلد _bnc _2rdacarrier |
||
| 490 | 0 | _aمطبوعات مكتبة مصر | |
| 650 | 7 |
_aالقصص العربية _yقرن 20. _2BUEsh |
|
| 651 | _2BUEsh | ||
| 653 |
_bARALIT _bGGEN _cFebruary2021 |
||
| 942 |
_cBB _2ddc |
||